000 00683nam a2200241Ia 4500
003 OSt
005 20220918191733.0
006 a|||||r|||| 00| 0
007 ta
008 220917b |||||||| |||| 00| 0 eng d
024 _a64,871
037 _cTextual
040 _aARTS
_cARTS
_beng
041 _2eng
_aeng
082 _aQ4:25, M1
100 _aMoore Justin Hartley Tr.
_977074
245 0 _aSayings of Buddha, the tivuttak
_ba Pali work of the Buddhist canon
260 _aNew Delhi
_bCosmo pub. India
_c1981
300 _axiii,142p.
_ccm.
650 _aRELIGION
942 _hQ4:25, M1
_cTEXL
_2CC
999 _c191224
_d191224